| 000 | 00888cam a22002295i 4500 | ||
|---|---|---|---|
| 001 | 162644 | ||
| 003 | ES-MaACL | ||
| 005 | 20250727062616.0 | ||
| 008 | 041124s1842 fr |||| | fre d | ||
| 040 |
_aCAM _bspa _cCAM _dCCPB |
||
| 100 | 1 |
_aProudhon, Pierre-Joseph. _994052 |
|
| 245 | 1 | 0 |
_aAvertissement aux propriétaires ou Lettre a M. Considérat, redacteur de la phalange, sur une Défense de la propriété / _cpar P.-J. Proudhon. |
| 260 |
_aParis : _bLibrairie de Prévot ; _aBesançon : _bchez l'auteur, _c1841 ( _fImprimerie de P.-J. Proudhon) |
||
| 300 |
_a115 p. ; _c18 cm. |
||
| 596 | _aTexto fechado en 1842. | ||
| 650 | 0 | 4 |
_aPropiedad. _916476 |
| 650 | 0 | 7 |
_aSocialismo _2embne _917147 |
| 740 | 0 | 1 | _aLettre a M. Considérat sur une Défense de la propriété. |
| 752 |
_aFrancia - _dParís |
||
| 852 |
_aES-MaACL _jG-8539(3) _z-- Enc. hol. |
||
| 999 |
_c162644 _d162644 |
||